00368nam a2200121 a 450000100100000000500170001000800410002704000250006808200150009324500470010826000610015530000300021600003067020200930062437.0110525s1935 dr d 000 | spa d aDO-SdBNPbspacBNPHU axxxbV726a00aVillas Agrícolas :binforme sintético. aSanto Domingo :bImprenta de J. R. Vda. García,c1935. a16 p. :bdiagr. ;c16 cm.